000 00928nam a2200265Ia 4500
003 OSt
005 20220923215321.0
006 a|||||r|||| 00| 0
007 ta
008 220922b |||||||| |||| 00| 0 hin d
024 _a177,720
037 _cTextual
040 _aARTS
_cARTS
_bhin
041 _2hin
_ahin
082 _aO152:g(P:75), L5;M5
100 _aचतुर्वेदी, बरसानेलाल
245 0 _aहिन्दी साहित्य में हास्य-रस
246 _aHindī sāhitya mean hāsya-rasa
250 _aसंस्क0 4
260 _aनई दिल्ली
_b आर्य बुक डिपो
_c1985
300 _a234 पृ.
_ccm.
650 _aहिन्दी साहित्य
_9156264
942 _hO152:g(P:75), L5;M5
_cTEXL
_2CC
999 _c331108
_d331108